Statistics for Position of Asian Countries on Map - Chain Game #1

Click here to take the quiz!

General Stats

  • This quiz has been taken 576 times
    (571 since last reset)
  • The average score is 14 of 15

Answers on the Map

Answers color-coded by a green-red scale on the quiz's map according to % correct below.
 

Answer Stats

Country% Correct
India
100%
Indonesia
96%
Iran
95%
Mongolia
95%
Japan
94%
Saudi Arabia
94%
China
93%
Turkey
93%
Pakistan
92%
Yemen
92%
Kazakhstan
91%
Vietnam
90%
Iraq
88%
Thailand
88%
Oman
87%

Score Distribution

Percentile by Number Answered

Percent of People with Each Score

Your Score History

You have not taken this quiz since the last reset